[Event "WEM KT 2016"]
[Site "?"]
[Date "2016.08.29"]
[Round "3.16"]
[White "Klaus, Daniel"]
[Black "Reindl, Jork"]
[Result "1-0"]
[WhiteElo "1943"]
[BlackElo "1436"]
[PlyCount "101"]
[EventDate "2016.??.??"]
[WhiteTeam "SC Feuerbach"]
[BlackTeam "SG Schwäbisch Gmünd"]

1. e4 e5 2. Nf3 Nc6 3. Bb5 Nf6 4. d3 d6 5. h3 Be7 6. O-O O-O 7. c3 a6 8. Ba4
Bd7 9. Re1 Re8 10. Nbd2 Bf8 11. Nf1 h6 12. Ng3 Re7 13. Nh4 Re8 14. Nhf5 Bxf5
15. Nxf5 b5 16. Bb3 Ne7 17. Nh4 Nc8 18. Ng6 d5 19. Nxf8 Kxf8 20. exd5 Nb6 21.
Be3 Nbxd5 22. Bc5+ Kg8 23. Qf3 Nb6 24. Rad1 Qd7 25. Bxb6 cxb6 26. Rxe5 Rad8 27.
d4 Qc8 28. Rde1 a5 29. Re7 Rxe7 30. Rxe7 Rf8 31. a3 a4 32. Ba2 Qb8 33. Qf5 Qd8
34. Re5 Re8 35. Rxb5 Re1+ 36. Kh2 Qc7+ 37. Re5 Ra1 38. Bb1 Rxb1 39. Qxb1 Nd7
40. f4 Nxe5 41. fxe5 f6 42. Qe4 Kf7 43. Qd5+ Ke7 44. Qg8 fxe5 45. Qxg7+ Kd8 46.
Qxc7+ Kxc7 47. dxe5 Kd7 48. Kg3 Ke6 49. Kf4 h5 50. g4 hxg4 51. hxg4 1-0

[Event "WEM KT 2016"]
[Site "?"]
[Date "2016.08.29"]
[Round "3.17"]
[White "Handel, Heinz"]
[Black "Kaiser, Andreas"]
[Result "0-1"]
[WhiteElo "1661"]
[BlackElo "1847"]
[PlyCount "100"]
[EventDate "2016.??.??"]
[WhiteTeam "Rochade Metzingen"]
[BlackTeam "SV Nürtingen"]

1. d4 d5 2. Nf3 Nf6 3. g3 g6 4. Bg2 Bg7 5. c3 O-O 6. O-O b6 7. Nbd2 Bb7 8. Re1
Nbd7 9. Qc2 c5 10. a4 a6 11. dxc5 Nxc5 12. b4 Nce4 13. Rd1 Rc8 14. Bb2 Qc7 15.
Rac1 Nd6 16. Qb3 Rfe8 17. Rc2 e5 18. Rdc1 b5 19. e3 Qb6 20. a5 Qa7 21. Qa3 Nd7
22. Qb3 f5 23. Ne1 Nf6 24. Nd3 Nfe4 25. Nxe4 Nxe4 26. Bxe4 fxe4 27. Nc5 Bc6 28.
Rd1 Kh8 29. Rcd2 Rcd8 30. Qc2 Qa8 31. Rf1 Bf8 32. Qd1 Qc8 33. Kg2 Bxc5 34. bxc5
Qc7 35. Qa1 Qe7 36. Ba3 Rd7 37. Qd1 Qd8 38. Bb4 Qf6 39. h4 Red8 40. Qg4 Rf7 41.
Qg5 Qf3+ 42. Kh3 Re8 43. Kh2 Kg7 44. h5 Rf5 45. h6+ Kg8 46. Qh4 Rh5 47. Qxh5
Qxh5+ 48. Kg2 Qf3+ 49. Kh2 Rf8 50. Ba3 Rf5 0-1

[Event "WEM KT 2016"]
[Site "?"]
[Date "2016.08.29"]
[Round "3.18"]
[White "Tölg, Wolfgang"]
[Black "Baumeister, Jürgen"]
[Result "0-1"]
[WhiteElo "1597"]
[BlackElo "1818"]
[PlyCount "84"]
[EventDate "2016.??.??"]
[WhiteTeam "SF Oeffingen"]
[BlackTeam "SC Asperg"]

1. e4 c5 2. Nf3 a6 3. d4 cxd4 4. Nxd4 Nf6 5. Nc3 e5 6. Nb3 Bb4 7. Bd3 d5 8. Bd2
Bxc3 9. Bxc3 dxe4 10. Be2 Qe7 11. Qd2 Nc6 12. h3 Be6 13. O-O Nd5 14. Bc4 Rd8
15. Qe1 f5 16. Rd1 O-O 17. Bd2 b5 18. Be2 Nd4 19. Nxd4 exd4 20. Ba5 Rc8 21. Qd2
Qc5 22. Qxd4 Qxd4 23. Rxd4 Rxc2 24. Bd1 Rxb2 25. Bb3 Nf4 26. Bxe6+ Nxe6 27. Rd6
Rxa2 28. Rxa6 Nc5 29. Ra7 Nd3 30. Bb6 Rxa7 31. Bxa7 b4 32. Rb1 Ra8 33. Bd4 g6
34. g3 Kf7 35. Kg2 Ke6 36. Kf1 Ra2 37. Kg2 Kd5 38. Be3 Kc4 39. h4 b3 40. Bh6
Rxf2+ 41. Kg1 Ra2 42. Bg7 e3 0-1

[Event "WEM KT 2016"]
[Site "?"]
[Date "2016.08.30"]
[Round "4.1"]
[White "Gustain, Marc"]
[Black "Fuß, Klaus"]
[Result "0-1"]
[WhiteElo "2131"]
[BlackElo "2055"]
[PlyCount "62"]
[EventDate "2016.??.??"]
[WhiteTeam "SF Deizisau"]
[BlackTeam "SG Turm Albstadt"]

1. d4 Nf6 2. Nc3 d5 3. Bf4 e6 4. e3 Bd6 5. Bd3 c6 6. Bxd6 Qxd6 7. Nf3 Nbd7 8.
Qe2 c5 9. dxc5 Nxc5 10. O-O-O Bd7 11. Kb1 Qb6 12. Ne5 Rc8 13. e4 d4 14. Nxd7
Nfxd7 15. Nb5 Ne5 16. Na3 Nexd3 17. cxd3 Na4 18. Ka1 O-O 19. Rc1 Qa6 20. Qd2
Nc5 21. Rhd1 Rc6 22. f3 Rfc8 23. Rc4 e5 24. Rdc1 b5 25. R4c2 Qa4 26. Kb1 b4 27.
Rc4 a5 28. Nc2 h6 29. Na1 Qb5 30. Nb3 a4 31. Rxb4 Nxb3 0-1

[Event "WEM KT 2016"]
[Site "?"]
[Date "2016.08.30"]
[Round "4.2"]
[White "Muschkowski, Jürgen"]
[Black "Lelumees, Brait"]
[Result "1-0"]
[WhiteElo "2090"]
[BlackElo "2213"]
[PlyCount "69"]
[EventDate "2016.??.??"]
[WhiteTeam "SV Balingen"]
[BlackTeam "SK Schwäbisch Hall"]

1. d4 Nf6 2. Nf3 g6 3. Nc3 d5 4. Bf4 Bg7 5. e3 O-O 6. Be2 c6 7. Ne5 Qb6 8. Na4
Qa5+ 9. c3 Nfd7 10. Nd3 Qd8 11. Nac5 Nxc5 12. Nxc5 b6 13. Nd3 Ba6 14. h4 Nd7
15. h5 Bxd3 16. Bxd3 e5 17. dxe5 Nxe5 18. Bxe5 Bxe5 19. Qc2 Bg7 20. O-O-O b5
21. hxg6 hxg6 22. f4 Re8 23. Rh3 Rb8 24. Rdh1 Qf6 25. g4 g5 26. Qh2 Kf8 27.
fxg5 Qxg5 28. Qd6+ Kg8 29. Bh7+ Kh8 30. Bf5+ Kg8 31. Qh2 Kf8 32. Rh8+ Bxh8 33.
Qxh8+ Qg8 34. Qf6 Rxe3 35. Qd6+ 1-0

[Event "WEM KT 2016"]
[Site "?"]
[Date "2016.08.30"]
[Round "4.3"]
[White "Fischer, Dietmar"]
[Black "Keller, Joachim"]
[Result "1-0"]
[WhiteElo "1944"]
[BlackElo "1901"]
[PlyCount "47"]
[EventDate "2016.??.??"]
[WhiteTeam "SC Böblingen"]
[BlackTeam "SK Bebenhausen"]

1. e4 c5 2. Nf3 d6 3. d4 cxd4 4. Nxd4 Nf6 5. Nc3 g6 6. Be2 Bg7 7. Be3 O-O 8.
Qd2 Re8 9. Bh6 Bh8 10. h4 Nc6 11. Nxc6 bxc6 12. h5 Be6 13. f4 Bg4 14. hxg6 hxg6
15. f5 Bxe2 16. Kxe2 Qb6 17. Be3 Qa6+ 18. Kf3 Qa5 19. Rxh8+ Kxh8 20. Rh1+ Kg8
21. Bd4 e5 22. Qh6 Nh5 23. Rxh5 gxh5 24. f6 1-0

[Event "WEM KT 2016"]
[Site "?"]
[Date "2016.08.30"]
[Round "4.4"]
[White "Schömbs, Oliver"]
[Black "Schaffert, Walter"]
[Result "0-1"]
[WhiteElo "1874"]
[BlackElo "2069"]
[PlyCount "104"]
[EventDate "2016.??.??"]
[WhiteTeam "SC Ingersheim"]
[BlackTeam "SG Ludwigsburg"]

1. e4 d5 2. exd5 Nf6 3. Nf3 Qxd5 4. d4 Bg4 5. Be2 Nc6 6. h3 Bxf3 7. Bxf3 Qd7 8.
Be3 O-O-O 9. c3 e5 10. O-O exd4 11. cxd4 Nxd4 12. Nc3 Nxf3+ 13. Qxf3 Kb8 14.
Rad1 Bd6 15. Bd4 Ne8 16. Ne4 f5 17. Nc5 Bxc5 18. Bxc5 Nd6 19. Qa3 a6 20. Rd3
Qc6 21. Be3 Nc4 22. Rfd1 Rxd3 23. Qxd3 Nxe3 24. fxe3 Qe6 25. Qc3 Rg8 26. a3 g5
27. Kf2 h5 28. Rd4 Re8 29. Qd2 Kc8 30. Rd3 h4 31. Rd4 g4 32. hxg4 fxg4 33. Qe2
Qf6+ 34. Rf4 Qxf4+ 35. exf4 Rxe2+ 36. Kxe2 Kd7 37. f5 Kd6 38. Ke3 Ke5 39. f6
Kxf6 40. Kf4 h3 41. gxh3 gxh3 42. Kg3 Ke5 43. Kxh3 Kd4 44. Kg4 Kc4 45. Kf5 Kb3
46. Ke4 Kxb2 47. a4 Kb3 48. Kd4 Kxa4 49. Kc4 b5+ 50. Kc3 Ka3 51. Kc2 Ka2 52.
Kc3 c5 0-1

[Event "WEM KT 2016"]
[Site "?"]
[Date "2016.08.30"]
[Round "4.5"]
[White "Streiter, Manfred"]
[Black "Gehringer, Frank"]
[Result "1/2-1/2"]
[WhiteElo "1983"]
[BlackElo "2010"]
[PlyCount "116"]
[EventDate "2016.??.??"]
[WhiteTeam "SGem Vaihingen-Rohr"]
[BlackTeam "SC Leinfelden"]

1. Nf3 d5 2. g3 Nf6 3. Bg2 g6 4. c4 c6 5. O-O Bg7 6. cxd5 cxd5 7. d4 O-O 8. Nc3
Nc6 9. Bf4 Qb6 10. Na4 Qb5 11. Ne5 e6 12. Rc1 Nxe5 13. Bxe5 b6 14. b3 Ba6 15.
e3 Rfc8 16. Re1 Rxc1 17. Qxc1 Rc8 18. Qb2 Qc6 19. Bxf6 Bxf6 20. Bf1 Bxf1 21.
Kxf1 Be7 22. Qb1 Bb4 23. Rd1 Qc2 24. Nb2 Ba3 25. Nd3 f6 26. Ne1 Qxb1 27. Rxb1
Kf7 28. Ke2 a5 29. Kd1 Ke8 30. Nc2 Bd6 31. Rc1 Kd7 32. Ne1 Rxc1+ 33. Kxc1 h5
34. Nf3 g5 35. h3 g4 36. hxg4 hxg4 37. Ne1 Kc6 38. a4 Kd7 39. Kc2 e5 40. dxe5
Bxe5 41. Kd3 Kc6 42. e4 Kc5 43. exd5 Kxd5 44. Nc2 f5 45. Ne3+ Ke6 46. Kc4 Bd6
47. Nd5 Bc5 48. Nf4+ Ke5 49. Nd3+ Ke4 50. Nxc5+ bxc5 51. Kxc5 Kf3 52. b4 axb4
53. Kxb4 Kxf2 54. a5 f4 55. gxf4 g3 56. a6 g2 57. a7 g1=Q 58. a8=Q Qb1+ 1/2-1/2

[Event "WEM KT 2016"]
[Site "?"]
[Date "2016.08.30"]
[Round "4.6"]
[White "Wendler, David"]
[Black "Bauer, Dieter"]
[Result "1-0"]
[WhiteElo "1912"]
[BlackElo "1724"]
[PlyCount "109"]
[EventDate "2016.??.??"]
[WhiteTeam "SK Bebenhausen"]
[BlackTeam "SF Kornwestheim"]

1. e4 d6 2. d4 Nf6 3. Nc3 e5 4. Nf3 exd4 5. Nxd4 Be7 6. Be2 O-O 7. O-O a6 8.
Be3 Re8 9. Re1 c5 10. Nb3 Bf8 11. Bf3 Nc6 12. Bf4 Ne5 13. Bxe5 Rxe5 14. Nc1 c4
15. N1e2 g5 16. h3 h5 17. Ng3 g4 18. hxg4 hxg4 19. Be2 b5 20. a3 Be6 21. Qd2
Nh5 22. Nxh5 Rxh5 23. g3 Bg7 24. Rad1 Be5 25. Bf1 Kg7 26. Bg2 Qh8 27. Ne2 Qh6
28. Nf4 Bxf4 29. Qxf4 Qxf4 30. gxf4 Rd8 31. Rd4 Kf8 32. Red1 Ke7 33. e5 d5 34.
Bxd5 Bxd5 35. Rxd5 Rxd5 36. Rxd5 Rf5 37. Rd4 f6 38. Kf1 fxe5 39. fxe5 g3 40. f4
Rh5 41. b3 cxb3 42. cxb3 Rh2 43. Kg1 Rf2 44. a4 bxa4 45. Rxa4 a5 46. Rd4 Ke6
47. Re4 Rf3 48. b4 a4 49. Kg2 Rc3 50. b5 a3 51. Ra4 Rb3 52. b6 Rxb6 53. Rxa3
Kf5 54. Kxg3 Rh6 55. Ra8 1-0

[Event "WEM KT 2016"]
[Site "?"]
[Date "2016.08.30"]
[Round "4.7"]
[White "Radek, Dieter"]
[Black "Kasüschke, Lars"]
[Result "0-1"]
[WhiteElo "1962"]
[BlackElo "1941"]
[PlyCount "88"]
[EventDate "2016.??.??"]
[WhiteTeam "SV Oberstenfeld"]
[BlackTeam "SG Schwäbisch Gmünd"]

1. e4 c5 2. Nf3 Nc6 3. Be2 g6 4. d4 cxd4 5. Nxd4 Bg7 6. Nxc6 bxc6 7. O-O Nf6 8.
e5 Ne4 9. Bf3 Nc5 10. Re1 O-O 11. Bf4 Ne6 12. Bg3 Qb6 13. Qc1 d5 14. c3 Nc5 15.
Qd2 Bf5 16. b4 Ne4 17. Qd4 Rfd8 18. Nd2 Qxd4 19. Nxe4 Qb6 20. Nc5 e6 21. Bh4
Re8 22. a4 Qc7 23. Bg3 Bf8 24. Nb3 c5 25. b5 Bc2 26. Nd2 c4 27. Nf1 Qa5 28. Ne3
Bb3 29. Rec1 a6 30. bxa6 Qxa6 31. Ng4 Bg7 32. h4 Bxa4 33. Nf6+ Bxf6 34. exf6
Qc6 35. Be5 Bb3 36. Rab1 Ra2 37. h5 g5 38. Bg4 Rea8 39. f4 Bc2 40. Rb4 Ra1 41.
Rxa1 Rxa1+ 42. Kh2 Rb1 43. Rxb1 Bxb1 44. fxg5 Qc5 0-1

[Event "WEM KT 2016"]
[Site "?"]
[Date "2016.08.30"]
[Round "4.8"]
[White "Reindl, Arno"]
[Black "Heining, Thomas"]
[Result "0-1"]
[WhiteElo "1809"]
[BlackElo "2122"]
[PlyCount "166"]
[EventDate "2016.??.??"]
[WhiteTeam "SG Schwäbisch Gmünd"]
[BlackTeam "SC Böblingen"]

1. e4 c5 2. Nc3 a6 3. f4 b5 4. d3 Bb7 5. Nf3 e6 6. Be2 d5 7. e5 Nh6 8. O-O Nf5
9. g4 Nh4 10. Nxh4 Qxh4 11. Bd2 Nd7 12. Qe1 Qxe1 13. Raxe1 Be7 14. Bf3 b4 15.
Nb1 Nb6 16. b3 a5 17. a4 Ba6 18. Be3 Rb8 19. Nd2 O-O 20. Bf2 Rfc8 21. Be2 Bd8
22. Kg2 Nd7 23. Rd1 g5 24. fxg5 Bxg5 25. Bg3 Bh6 26. Nf3 Bg7 27. Rd2 Nb6 28.
Bf2 Nd7 29. Bg3 h6 30. h4 Nb6 31. Bf2 Nd7 32. Bg3 Rb6 33. g5 hxg5 34. hxg5 Nf8
35. Nh2 Ng6 36. Ng4 Kf8 37. Nh6 Bxh6 38. gxh6 Rb7 39. Bh5 Kg8 40. Bxg6 fxg6 41.
Rf6 Re7 42. Rxg6+ Kh7 43. Rf6 c4 44. Bf2 cxb3 45. cxb3 Rc3 46. Bb6 Bxd3 47.
Bxa5 Rxb3 48. Kf2 Bf5 49. Bb6 Rb1 50. Bd4 Re8 51. a5 Ra8 52. Rf7+ Kxh6 53. Ra7
Rxa7 54. Bxa7 Ra1 55. Be3+ Kg6 56. Rb2 Rxa5 57. Rxb4 Be4 58. Bd4 Kf5 59. Rb8
Kf4 60. Rf8+ Bf5 61. Rb8 Ra4 62. Bc3 d4 63. Rb4 Rxb4 64. Bxb4 Kxe5 65. Kf3 Kd5
66. Be1 Bd3 67. Kf2 Ke4 68. Bd2 Bc4 69. Bh6 e5 70. Bg7 Kd5 71. Bh6 e4 72. Bf4
Bb5 73. Bh6 Kc4 74. Ke1 Kd3 75. Bg7 e3 76. Bf6 Ke4 77. Bg7 d3 78. Bc3 Ba4 79.
Ba5 Kd5 80. Bb4 Kc4 81. Ba5 Kb3 82. Bb6 d2+ 83. Ke2 Kc2 0-1

[Event "WEM KT 2016"]
[Site "?"]
[Date "2016.08.30"]
[Round "4.9"]
[White "Yi, Danny"]
[Black "Müller, Thomas"]
[Result "1/2-1/2"]
[WhiteElo "1835"]
[BlackElo "2027"]
[PlyCount "40"]
[EventDate "2016.??.??"]
[WhiteTeam "SF Kornwestheim"]
[BlackTeam "SV Schömberg"]

1. e4 e6 2. d4 d5 3. Nd2 a6 4. Ngf3 c5 5. exd5 exd5 6. dxc5 Bxc5 7. Be2 Nc6 8.
O-O Nge7 9. Nb3 Bb6 10. c3 O-O 11. Bd3 Bf5 12. Re1 Qd6 13. Bxf5 Nxf5 14. Qd3 g6
15. Bg5 f6 16. Bh4 Nxh4 17. Nxh4 Ne5 18. Qg3 Rad8 19. Nf5 Qd7 20. Nbd4 Bxd4
1/2-1/2

[Event "WEM KT 2016"]
[Site "?"]
[Date "2016.08.30"]
[Round "4.10"]
[White "Wolf, Rainer"]
[Black "Klaus, Daniel"]
[Result "1/2-1/2"]
[WhiteElo "2013"]
[BlackElo "1943"]
[PlyCount "98"]
[EventDate "2016.??.??"]
[WhiteTeam "SC Weiße Dame Ulm"]
[BlackTeam "SC Feuerbach"]

1. Nf3 d5 2. e3 Nf6 3. d4 c6 4. Bd3 e6 5. O-O Be7 6. b3 O-O 7. c4 Nbd7 8. Qc2
Re8 9. Nc3 Nf8 10. e4 dxe4 11. Nxe4 b6 12. Bb2 Bb7 13. Ne5 Nxe4 14. Bxe4 Qc7
15. c5 bxc5 16. dxc5 f5 17. Bf3 Qa5 18. Rac1 Rac8 19. Rfd1 Red8 20. Nc4 Qa6 21.
Be2 Rc7 22. a3 Rxd1+ 23. Rxd1 Bxc5 24. b4 Be7 25. Be5 Rd7 26. Bd4 Rxd4 27. Rxd4
c5 28. Rd1 Be4 29. Qd2 Qb7 30. f3 Bd5 31. Ne3 Bc6 32. b5 Be8 33. Bc4 Kh8 34. a4
Bf6 35. Nc2 Be5 36. Qd8 Qf7 37. a5 Bc7 38. Qd2 Qh5 39. f4 Bxf4 40. Qxf4 Qxd1+
41. Bf1 Bxb5 42. Ne3 Qd4 43. Qb8 Qxe3+ 44. Kh1 Kg8 45. Qxb5 Qf2 46. h3 f4 47.
Be2 Kf7 48. Bf3 Kf6 49. Qe8 Qe1+ 1/2-1/2

[Event "WEM KT 2016"]
[Site "?"]
[Date "2016.08.30"]
[Round "4.11"]
[White "Baars, Mario"]
[Black "Klaiß, Thomas"]
[Result "0-1"]
[WhiteElo "1741"]
[BlackElo "1981"]
[PlyCount "84"]
[EventDate "2016.??.??"]
[WhiteTeam "SG Schwäbisch Gmünd"]
[BlackTeam "SF Dornstetten-Pfalzgrafenweiler"]

1. e4 e5 2. Nf3 d6 3. d4 Nd7 4. Bc4 c6 5. O-O Be7 6. c3 Ngf6 7. Re1 O-O 8. Bb3
b5 9. a4 a5 10. Nbd2 Qc7 11. Nf1 Nb6 12. Ng3 bxa4 13. Bxa4 Nxa4 14. Qxa4 c5 15.
d5 Bd7 16. Qc2 Rfb8 17. Bd2 c4 18. Reb1 a4 19. Ra3 Ra7 20. Ne1 Rab7 21. Qc1 Bb5
22. Nc2 Nd7 23. Be3 g6 24. Qd2 Bf8 25. Nb4 Bg7 26. h3 Rf8 27. Ne2 f5 28. f3 Nf6
29. Qc2 f4 30. Bf2 Nd7 31. Qd2 Bf6 32. Rba1 Nc5 33. Bxc5 Qxc5+ 34. Kh1 Bh4 35.
Rxa4 Bxa4 36. Rxa4 Ra7 37. Rxa7 Qxa7 38. Qc1 Ra8 39. g3 fxg3 40. Qf1 Qf2 41.
Qg2 Ra1+ 42. Ng1 Bd8 0-1

[Event "WEM KT 2016"]
[Site "?"]
[Date "2016.08.30"]
[Round "4.12"]
[White "Löwe, Joachim"]
[Black "Mayer, Dietmar"]
[Result "0-1"]
[WhiteElo "1886"]
[BlackElo "1668"]
[PlyCount "82"]
[EventDate "2016.??.??"]
[WhiteTeam "SK Schmiden/Cannstatt"]
[BlackTeam "SC Böblingen"]

1. d4 Nf6 2. c4 e6 3. Nc3 Bb4 4. Bg5 h6 5. Bxf6 Qxf6 6. Nf3 O-O 7. Qc2 c5 8.
dxc5 Bxc5 9. a3 Qd8 10. Rd1 Nc6 11. e3 Be7 12. Be2 a6 13. O-O b6 14. Rd2 Qc7
15. Rfd1 Rd8 16. Nd5 exd5 17. cxd5 Bd6 18. Rc1 Bb7 19. Qf5 Rab8 20. Rdc2 Ne7
21. Qxf7+ Kxf7 22. Rxc7 Bxc7 23. Rxc7 Nxd5 24. Rxb7 Rxb7 25. Bc4 Rc7 26. Bxd5+
Kf6 27. g3 Rc1+ 28. Kg2 Rc2 29. b3 Re8 30. e4 b5 31. e5+ Rxe5 32. Nxe5 Kxe5 33.
Bg8 Ra2 34. h3 d5 35. Kf3 Rxa3 36. Ke3 Rxb3+ 37. Kd2 Rb2+ 38. Ke1 a5 39. Bh7 a4
40. f4+ Kd4 41. g4 a3 0-1

[Event "WEM KT 2016"]
[Site "?"]
[Date "2016.08.30"]
[Round "4.13"]
[White "Reindl, Knut"]
[Black "Lüdke, Joshua"]
[Result "0-1"]
[WhiteElo "1791"]
[BlackElo "1934"]
[PlyCount "78"]
[EventDate "2016.??.??"]
[WhiteTeam "SG Schwäbisch Gmünd"]
[BlackTeam "SV Marbach"]

1. c4 e5 2. Nc3 Nf6 3. Nf3 Nc6 4. g3 d5 5. cxd5 Nxd5 6. Bg2 Be6 7. O-O Be7 8.
a3 Qd7 9. d3 f6 10. Bd2 Nxc3 11. Bxc3 Bh3 12. Rc1 Bxg2 13. Kxg2 Rd8 14. Qb3 Qc8
15. Rfd1 g5 16. Qc2 Kf7 17. b4 Bd6 18. d4 exd4 19. Bxd4 h5 20. Qc4+ Kg6 21.
Qc2+ Kf7 22. Qc4+ Qe6 23. Qxe6+ Kxe6 24. Bb2 a6 25. Nd4+ Nxd4 26. Rxd4 Rd7 27.
Rdc4 Rhd8 28. R1c2 c6 29. h3 Bc7 30. Kf3 Rd2 31. Bc1 Rxc2 32. Rxc2 Rd1 33. Be3
Rh1 34. Kg2 Ra1 35. Bc1 Bd6 36. Kf3 a5 37. bxa5 Bxa3 38. Be3 Bb4 39. Rb2 c5 0-1

[Event "WEM KT 2016"]
[Site "?"]
[Date "2016.08.30"]
[Round "4.14"]
[White "Baumeister, Jürgen"]
[Black "Ruff, Robert"]
[Result "0-1"]
[WhiteElo "1818"]
[BlackElo "1864"]
[PlyCount "64"]
[EventDate "2016.??.??"]
[WhiteTeam "SC Asperg"]
[BlackTeam "SK Sachsenheim"]

1. e3 d5 2. Nc3 Nf6 3. f4 Nbd7 4. Nf3 e6 5. d4 c5 6. Be2 Bd6 7. O-O a6 8. a4
O-O 9. Ne5 Ne4 10. Nxe4 dxe4 11. Qe1 cxd4 12. exd4 f6 13. Nc4 Bc7 14. a5 b5 15.
axb6 Nxb6 16. Be3 Nd5 17. Bd2 Qe7 18. Ra3 Rb8 19. Qh4 Rxb2 20. Rh3 g5 21. fxg5
Rxc2 22. g6 e3 23. Qe4 Rxd2 24. Rxh7 f5 25. Qf3 Qg5 26. Qh3 Qxg6 27. Rh6 Qg7
28. Nxd2 exd2 29. Qh4 Ne3 30. Rf2 d1=Q+ 31. Bxd1 Nxd1 32. Rf3 Bb7 0-1

[Event "WEM KT 2016"]
[Site "?"]
[Date "2016.08.30"]
[Round "4.15"]
[White "Kaiser, Andreas"]
[Black "Engelhardt, Frank"]
[Result "0-1"]
[WhiteElo "1847"]
[BlackElo "1819"]
[PlyCount "58"]
[EventDate "2016.??.??"]
[WhiteTeam "SV Nürtingen"]
[BlackTeam "SC Botnang"]

1. d4 Nf6 2. c4 e6 3. Nf3 b6 4. g3 Bb7 5. Bg2 c5 6. e3 cxd4 7. exd4 Bb4+ 8. Bd2
Qe7 9. O-O Bxd2 10. Nbxd2 O-O 11. Re1 d5 12. b3 Nc6 13. Nf1 Rfd8 14. Ne3 Rac8
15. cxd5 Nxd5 16. Nxd5 Rxd5 17. Ne5 Rdd8 18. Rc1 Nb4 19. Nf3 Rxc1 20. Qxc1 Nd3
21. Qc4 Nxe1 22. Nxe1 Rc8 23. Qe2 Bxg2 24. Kxg2 Qb7+ 25. Kh3 Qd5 26. Qa6 Rc7
27. Qa4 g6 28. Qe8+ Kg7 29. Nd3 Qf5+ 0-1

[Event "WEM KT 2016"]
[Site "?"]
[Date "2016.08.30"]
[Round "4.16"]
[White "Handel, Oliver"]
[Black "Lahouel, Kim-Luca"]
[Result "1/2-1/2"]
[WhiteElo "1854"]
[BlackElo "1706"]
[PlyCount "74"]
[EventDate "2016.??.??"]
[WhiteTeam "SF Kornwestheim"]
[BlackTeam "Heilbronner SV"]

1. e4 d5 2. exd5 Nf6 3. d4 Bg4 4. f3 Bf5 5. c4 e6 6. dxe6 Bd6 7. c5 Be7 8.
exf7+ Kxf7 9. Bc4+ Nd5 10. Nc3 c6 11. Nge2 Re8 12. O-O Kf8 13. Bxd5 cxd5 14.
Nf4 Qd7 15. Nfxd5 Bd8 16. Bf4 Nc6 17. Bd6+ Kg8 18. Qd2 Qf7 19. Rfe1 Ba5 20.
Rxe8+ Rxe8 21. Re1 Be6 22. Nc7 Bxc7 23. Bxc7 Qxc7 24. d5 Qd7 25. Rd1 Qe7 26.
dxe6 Qxc5+ 27. Kf1 Rxe6 28. Qd5 Qxd5 29. Rxd5 Re7 30. a3 Kf7 31. b4 Re3 32. Ne4
Rxa3 33. Rd7+ Kg6 34. Rxb7 Nd4 35. Rd7 Ra1+ 36. Kf2 Ra2+ 37. Kg3 Ne2+ 1/2-1/2

[Event "WEM KT 2016"]
[Site "?"]
[Date "2016.08.30"]
[Round "4.17"]
[White "Reindl, Jork"]
[Black "Zimmermann, Tobias"]
[Result "1/2-1/2"]
[WhiteElo "1436"]
[BlackElo "1820"]
[PlyCount "109"]
[EventDate "2016.??.??"]
[WhiteTeam "SG Schwäbisch Gmünd"]
[BlackTeam "SC Botnang"]

1. e4 c5 2. Nf3 d6 3. d4 cxd4 4. Nxd4 Nf6 5. Nc3 a6 6. Bd3 e6 7. O-O Qc7 8. Re1
Nbd7 9. Nf3 b5 10. a3 Bb7 11. Bg5 Be7 12. Nd2 O-O 13. Bf4 Rad8 14. Bg3 e5 15.
Nf3 Nb6 16. Qe2 Rc8 17. Rac1 Nc4 18. Bxc4 Qxc4 19. Qxc4 Rxc4 20. Nd2 Rcc8 21.
Nf3 Nd7 22. h3 f5 23. exf5 Rxf5 24. Nh4 Rf7 25. Nf3 Bxf3 26. gxf3 Rxf3 27. Rcd1
Nf6 28. Kg2 Rfxc3 29. bxc3 Rxc3 30. Rd3 Rc4 31. Rb3 e4 32. f3 d5 33. fxe4 dxe4
34. Bh4 Kf7 35. Bxf6 gxf6 36. Rbe3 Bc5 37. R3e2 f5 38. Rf1 Kg6 39. h4 h5 40.
Kh1 e3 41. Rg1+ Kf6 42. Rh2 e2 43. Re1 Bxa3 44. Rexe2 Bd6 45. Rh3 f4 46. Rf2 a5
47. Rd3 Ke6 48. Rg2 Be7 49. Re2+ Kf6 50. Rd5 f3 51. Ree5 Rxh4+ 52. Kg1 Rc4 53.
Rxb5 Rxc2 54. Rxa5 Rg2+ 55. Kf1 1/2-1/2

[Event "WEM KT 2016"]
[Site "?"]
[Date "2016.08.30"]
[Round "4.18"]
[White "Handel, Heinz"]
[Black "Tölg, Wolfgang"]
[Result "0-1"]
[WhiteElo "1661"]
[BlackElo "1597"]
[PlyCount "58"]
[EventDate "2016.??.??"]
[WhiteTeam "Rochade Metzingen"]
[BlackTeam "SF Oeffingen"]

1. d4 f5 2. Nf3 e6 3. Bg5 Nf6 4. g3 h6 5. Bxf6 Qxf6 6. Bg2 d5 7. O-O Bd6 8. e3
Nc6 9. c3 Bd7 10. a4 g5 11. Na3 a6 12. b4 Ne7 13. Nd2 h5 14. f4 g4 15. h4 gxh3
16. Bxh3 O-O-O 17. Nf3 Rdg8 18. Ng5 h4 19. Rf3 Be8 20. Qe1 Bh5 21. Rf1 hxg3 22.
Qxg3 Be8 23. Nc2 Rh5 24. Kf2 Rgxg5 25. Qxg5 Rxg5 26. fxg5 Qxg5 27. Ke2 Bh5+ 28.
Kd2 Qg3 29. Rh1 Bf3 0-1

[Event "WEM KT 2016"]
[Site "?"]
[Date "2016.08.31"]
[Round "5.1"]
[White "Fuß, Klaus"]
[Black "Muschkowski, Jürgen"]
[Result "1-0"]
[WhiteElo "2055"]
[BlackElo "2090"]
[PlyCount "45"]
[EventDate "2016.??.??"]
[WhiteTeam "SG Turm Albstadt"]
[BlackTeam "SV Balingen"]

1. g3 d5 2. Bg2 g6 3. d3 Bg7 4. f4 Nf6 5. Nf3 O-O 6. O-O b6 7. Ne5 Bb7 8. Nc3
Nbd7 9. Nxd7 Qxd7 10. e4 dxe4 11. dxe4 Rfd8 12. Qe2 e6 13. Rd1 Qe7 14. e5 Rxd1+
15. Nxd1 Nd5 16. c4 Ba6 17. Qe4 Qc5+ 18. Ne3 Rd8 19. cxd5 Rxd5 20. Qc2 Qxc2 21.
Nxc2 Rd1+ 22. Kf2 Bf8 23. Be3 1-0

[Event "WEM KT 2016"]
[Site "?"]
[Date "2016.08.31"]
[Round "5.2"]
[White "Schaffert, Walter"]
[Black "Fischer, Dietmar"]
[Result "1-0"]
[WhiteElo "2069"]
[BlackElo "1944"]
[PlyCount "93"]
[EventDate "2016.??.??"]
[WhiteTeam "SG Ludwigsburg"]
[BlackTeam "SC Böblingen"]

1. e4 c5 2. Nf3 e6 3. b3 d6 4. Bb2 Nc6 5. d4 cxd4 6. Nxd4 Nf6 7. Nxc6 bxc6 8.
Bd3 d5 9. exd5 cxd5 10. O-O a5 11. a4 Ba6 12. Bxa6 Rxa6 13. Qe2 Qc8 14. Qb5+
Rc6 15. Bc3 Bb4 16. Bxb4 axb4 17. Qxb4 Rxc2 18. Nd2 Rc5 19. Qd4 O-O 20. b4 Rc2
21. f4 Qc3 22. Qxc3 Rxc3 23. a5 Rc2 24. Nf3 Rb2 25. Rfb1 Rxb1+ 26. Rxb1 Ra8 27.
Ne5 Ne4 28. Nc6 Nc3 29. Ra1 Kf8 30. a6 Ke8 31. Nd4 Kd7 32. b5 Nxb5 33. Nxb5 Kc6
34. Nd4+ Kb6 35. a7 Kc5 36. Ra4 g5 37. fxg5 e5 38. Nf3 e4 39. Nd4 Rxa7 40. Rxa7
Kxd4 41. Rxf7 Ke3 42. Rxh7 d4 43. g6 d3 44. Kf1 Kd2 45. Rd7 e3 46. Rxd3+ Kxd3
47. Ke1 1-0

[Event "WEM KT 2016"]
[Site "?"]
[Date "2016.08.31"]
[Round "5.3"]
[White "Kasüschke, Lars"]
[Black "Gustain, Marc"]
[Result "0-1"]
[WhiteElo "1941"]
[BlackElo "2131"]
[PlyCount "58"]
[EventDate "2016.??.??"]
[WhiteTeam "SG Schwäbisch Gmünd"]
[BlackTeam "SF Deizisau"]

1. e4 c5 2. Nf3 d6 3. Bb5+ Bd7 4. Bxd7+ Qxd7 5. O-O Nf6 6. Re1 e6 7. d3 Nc6 8.
c3 Be7 9. Nbd2 O-O 10. d4 cxd4 11. cxd4 d5 12. e5 Ne8 13. Nf1 Rc8 14. Bd2 Nc7
15. Ng3 Nb5 16. Be3 a6 17. h4 Rc7 18. h5 Rfc8 19. h6 g6 20. a4 Nba7 21. Ng5 Nb4
22. Qf3 Bf8 23. Nh5 gxh5 24. Ne4 dxe4 25. Qg3+ Kh8 26. Bg5 Nd5 27. Rxe4 Nc6 28.
Qf3 Be7 29. Bf6+ Bxf6 0-1

[Event "WEM KT 2016"]
[Site "?"]
[Date "2016.08.31"]
[Round "5.4"]
[White "Lelumees, Brait"]
[Black "Wendler, David"]
[Result "1/2-1/2"]
[WhiteElo "2213"]
[BlackElo "1912"]
[PlyCount "109"]
[EventDate "2016.??.??"]
[WhiteTeam "SK Schwäbisch Hall"]
[BlackTeam "SK Bebenhausen"]

1. e4 c5 2. Nf3 Nc6 3. d4 cxd4 4. Nxd4 g6 5. Be3 Nf6 6. Nc3 Bg7 7. Nxc6 bxc6 8.
e5 Ng8 9. f4 Nh6 10. Qd2 O-O 11. O-O-O d6 12. Bc4 Bg4 13. Rde1 dxe5 14. Qxd8
Rfxd8 15. fxe5 Bd7 16. h3 Nf5 17. Bc5 Ng3 18. Rhg1 Bh6+ 19. Be3 Bxe3+ 20. Rxe3
Nf5 21. Rf3 Be8 22. Rgf1 Rd4 23. b3 h5 24. Rh1 h4 25. Re1 c5 26. Rf2 Bc6 27.
Ref1 e6 28. Re1 Rad8 29. Bd3 Ng7 30. Rg1 Nh5 31. Ne2 R4d7 32. Kb2 Ba8 33. Rgf1
Rd5 34. Rxf7 Rxe5 35. R7f2 Rg5 36. Rg1 Rf8 37. Rxf8+ Kxf8 38. Rf1+ Ke7 39. Nf4
Bxg2 40. Rf2 Nxf4 41. Rxf4 Bxh3 42. Rxh4 Bf5 43. Rh7+ Kd6 44. Rxa7 Rg3 45. Ra8
e5 46. Rd8+ Kc7 47. Re8 Bxd3 48. cxd3 Rxd3 49. Rxe5 Kc6 50. Re6+ Rd6 51. Rxd6+
Kxd6 52. Kc3 Kd5 53. Kd3 g5 54. Ke3 c4 55. bxc4+ 1/2-1/2